3 Letter-Word Scramble - Statistics

General Stats
  • This quiz has been taken 73 times
  • The average score is 15 of 15
Answer Stats
Scrambled Word Unscrambled Word % Correct
Ybo Boy
100%
Woc Cow
100%
Gdo Dog
100%
Sga Gas
100%
Dki Kid
100%
Pwo Pow
100%
Yas Say
100%
Teh The
100%
Oww Wow
100%
Era Are
98%
Rea Ear
98%
Ewn New
98%
Dol Old
98%
Noe One
96%
Eas Sea
94%
No matching quizzes found
Score Distribution
Percent of People with Each Score
Percentile by Number Answered
Your Score History
You have not taken this quiz